Statistics for Countries Ending with "An", but not "Stan"

Click here to take the quiz!

General Stats

  • This quiz has been taken 3,318 times
  • The average score is 6 of 9

Answer Stats

Country % Correct
Iran
80%
Japan
77%
Oman
73%
Bhutan
71%
Azerbaijan
69%
Sudan
64%
South Sudan
61%
Jordan
58%
Taiwan
55%

Score Distribution

Percentile by Number Answered

Percent of People with Each Score

Your Score History

You have not taken this quiz